000 00705nam a2200229Ia 4500
003 OSt
005 20220926001522.0
006 a|||||r|||| 00| 0
007 ta
008 220923b |||||||| |||| 00| 0 eng d
037 _cGeneral Book
040 _aRTL
_cRTL
_beng
041 _2eng
_aeng
082 _aX93.2.N93<N92t, N3/GD
110 _aINDIA, STEEL (Ministry of-)
_9304153
245 0 _aCommittee on public undertakings 1992-93
_b Seventeenth report.
260 _a New Delhi
_bLok Sabha secretariat
_c1993
300 _avi,45p.
_ccm.
700 _aINDIA, STEEL (Ministry of-)
_9304154
942 _hX93.2.N93<N92t, N3/GD
_cGB
_2CC
999 _c601786
_d601786